Score 0/36 Timer 20:00
0 Plays Today
. Number % Correct



A1



21: All numbers in corners end with the number of their column. This is the smallest corner.
100%



F1



31: All numbers that square to over 1000 are in the bottom half of the puzzle.
96.3%



A6



26: All square numbers are in the right half of the puzzle, and all cube numbers share a diagonal with me.
95.6%



F6



36: All one digit numbers are in the top half of the puzzle. No number is adjacent to its double.
95.5%



C4



8: All prime numbers are in the left half of the puzzle.
90.4%



B5



1: The four numbers in the center are all divisible by 4.
89.1%



A4



4: Each number adjacent to me can be multiplied by me to produce a number in a column adjacent to them.
87.2%



E2



27: Number 4 is in column 4.
87.2%



A5



9: A3 * B3 = F3
80.4%



B4



6: I am adjacent to two multiples of myself.
78.3%



C3



24: The numbers in each of the two longest diagonals add up to the same number.
74.6%



F3



35: E6 is even.
71.8%



A3



5: Column 4 begins with three consecutive even numbers.
69.5%



D3



32: The numbers in this column increase from top to bottom.
68.7%



B3



7: I am adjacent to one multiple of myself.
68.2%



D4



20: B2 * A4 * D4 = A3 * D3
64.5%



B2



2: The eight numbers surrounding me average out to exactly E6.
63.4%



E5



22: All numbers that consist of the same digit twice are in this row.
55%
. Number % Correct



E1



11: The five numbers surrounding me add up to 119.
53.5%



C5



18: C6 is A3 squared.
50.2%



E3



34: I am not adjacent to 29.
50%



C6



25: Two of the numbers I am adjacent to add up to me.
49.7%



C2



28: B1 is larger than A2.
48%



E6



16: E1 + E2 + E3 = E4 + E5 + E6 + 1
47.9%



E4



33: No multiple of 5 is adjacent to any multiple of 14.
47.2%



A2



3: The numbers I am diagonally adjacent to end in the same number.
46.2%



B1



17: C5 is double A5.
45.1%



D1



29: I am adjacent to three numbers that start with '2'.
42.7%



C1



23: The six numbers in this row average out to A1.
42.3%



D5



15: I am adjacent to three multiples of 5 and two powers of 2.
37.9%



D6



10: I am adjacent to 15.
37.4%



F2



13: Multiples of 10 are never adjacent to each other.
37%



D2



19: I am adjacent to three consecutive numbers.
36.7%



F5



14: Numbers that end in 3 are never adjacent to each other.
35.7%



B6



30: I am the largest number in my row.
34.5%



F4



12: Every column contains at least one number divisible by the number of the column.
34.4%

You're not logged in!

Compare scores with friends on all Sporcle quizzes.
OR
Log In

Sporcle TV

Today on Sporcle TV


Watch our educational content, quiz creation guides, and fun videos on Sporcle TV.

Show Comments

Extras

Top Quizzes Today


Score Distribution

Paid Content

Your Account Isn't Verified!

In order to create a playlist on Sporcle, you need to verify the email address you used during registration. Go to your Sporcle Settings to finish the process.

Report this User

Report this user for behavior that violates our Community Guidelines.

Details: